书目信息 |
| 题名: |
李商隐诗赏读
|
|
| 作者: | 邓丹 , 陈芝国 著 | |
| 分册: | ||
| 出版信息: | 北京 线装书局 2007 |
|
| 页数: | 194页 | |
| 开本: | 23cm | |
| 丛书名: | 唐宋名家诗词赏读 | |
| 单 册: | ||
| 中图分类: | I207.227.424 , I207.227 | |
| 科图分类: | ||
| 主题词: | 唐诗 | |
| 电子资源: | ||
| ISBN: | 978-7-80106-455-4 | |
| 000 | 01014oam2 2200289 450 | |
| 001 | 010090003985 | |
| 005 | 20070804111834.14 | |
| 010 | @a978-7-80106-455-4@dCNY20.00,CNY240.00(全12册)@z7-80106-455-0 | |
| 100 | @a20070416d2007 em y0chiy0110 ea | |
| 101 | 0 | @achi |
| 102 | @aCN@b110000 | |
| 105 | @ay z 000yy | |
| 200 | 1 | @a李商隐诗赏读@9li shang yin shi shang du@f邓丹,陈芝国著 |
| 210 | @a北京@c线装书局@d2007 | |
| 215 | @a194页@d23cm | |
| 225 | 2 | @a唐宋名家诗词赏读 |
| 330 | @a诗词是华美的,以致历经久远,仍被我们反复玩味,这也是诗词的重要价值之一。通过对诗词的赏读,可以让读者分享唐宋诗词名家的人生智慧与人生经验。本书是对李商隐的诗的赏读。 | |
| 461 | 0 | @12001 @a唐宋名家诗词赏读@1701 0@a李永田@4主编 |
| 600 | 0 | @a李商隐@f812~约858 |
| 600 | 0 | @a李商隐@f812~约858@x唐诗@x鉴赏 |
| 606 | 0 | @a唐诗 |
| 690 | @aI207.227.424@v4 | |
| 690 | @aI207.227@v3 | |
| 701 | 0 | @a邓丹@9deng dan@4著 |
| 701 | 0 | @a陈芝国@9chen zhi guo@4著 |
| 801 | 0 | @aCN@bRENTIAN@c20070804 |
| 905 | @a10447@dI207.227@e768 | |
| 李商隐诗赏读/邓丹,陈芝国著.-北京:线装书局,2007 |
| 194页;23cm.-(唐宋名家诗词赏读) |
| ISBN 978-7-80106-455-4:CNY20.00,CNY240.00(全12册) |
| 诗词是华美的,以致历经久远,仍被我们反复玩味,这也是诗词的重要价值之一。通过对诗词的赏读,可以让读者分享唐宋诗词名家的人生智慧与人生经验。本书是对李商隐的诗的赏读。 |
| ● |
| 相关链接 |
|
|
|
|
正题名:李商隐诗赏读
索取号:I207.227/768
 
预约/预借
| 序号 | 登录号 | 条形码 | 馆藏地/架位号 | 状态 | 备注 |
| 1 | 0803624 | 208036249 | 第一样本阅览室/ [索取号:I207.227/768] | 在馆 | |
| 2 | 0803625 | 208036258 | 第二借阅区/ [索取号:I207.227/768] | 在馆 | |
| 3 | 0803626 | 208036267 | 第二借阅区/ [索取号:I207.227/768] | 在馆 | |
| 4 | 0803627 | 208036276 | 第二借阅区/ [索取号:I207.227/768] | 在馆 | |
| 5 | 0803628 | 208036285 | 第二借阅区/ [索取号:I207.227/768] | 在馆 | |
| 6 | 0803629 | 208036294 | 第二借阅区/ [索取号:I207.227/768] | 在馆 | |
| 7 | 0803630 | 208036301 | 第二借阅区/ [索取号:I207.227/768] | 在馆 | |
| 8 | 0803631 | 208036310 | 第二借阅区/ [索取号:I207.227/768] | 在馆 | |
| 9 | 0803632 | 208036329 | 第二借阅区/ [索取号:I207.227/768] | 在馆 | |
| 10 | 0803633 | 208036338 | 第二借阅区/ [索取号:I207.227/768] | 在馆 |